<?xml version="1.0" encoding="UTF-8"?>
<record
    xmlns:xsi="http://www.w3.org/2001/XMLSchema-instance"
    xsi:schemaLocation="http://www.loc.gov/MARC21/slim http://www.loc.gov/standards/marcxml/schema/MARC21slim.xsd"
    xmlns="http://www.loc.gov/MARC21/slim">

  <leader>02259nam a2200385 a 4500</leader>
  <controlfield tag="003">Mxchpua</controlfield>
  <controlfield tag="005">20260320103816.0</controlfield>
  <controlfield tag="007">ta</controlfield>
  <controlfield tag="008">260320s2025    mx adoefs|||| 001 0 spa d</controlfield>
  <datafield tag="040" ind1=" " ind2=" ">
    <subfield code="a">mxchpua</subfield>
  </datafield>
  <datafield tag="090" ind1=" " ind2=" ">
    <subfield code="a">T.C.</subfield>
    <subfield code="b">E86</subfield>
    <subfield code="c">2025</subfield>
  </datafield>
  <datafield tag="245" ind1="1" ind2=" ">
    <subfield code="a">CAFESCO S.A.S / </subfield>
    <subfield code="c">coordinador Anastacio Espejel Garc&#xED;a ; colaboradores Emmanuel Barrera Hern&#xE1;ndez...[y otros]</subfield>
  </datafield>
  <datafield tag="260" ind1=" " ind2=" ">
    <subfield code="a">Chapingo, M&#xE9;xico: </subfield>
    <subfield code="b">El autor,</subfield>
    <subfield code="c">2025</subfield>
  </datafield>
  <datafield tag="300" ind1=" " ind2=" ">
    <subfield code="a">1 recurso en l&#xED;nea (203 p&#xE1;ginas) : </subfield>
    <subfield code="b">ilustraciones, tablas, gr&#xE1;ficas, fotograf&#xED;as, planos</subfield>
  </datafield>
  <datafield tag="336" ind1=" " ind2=" ">
    <subfield code="2">rdacontent</subfield>
    <subfield code="a">Texto</subfield>
    <subfield code="b">txt</subfield>
  </datafield>
  <datafield tag="337" ind1=" " ind2=" ">
    <subfield code="2">rdamedia</subfield>
    <subfield code="a">computadora</subfield>
    <subfield code="b">c</subfield>
  </datafield>
  <datafield tag="338" ind1=" " ind2=" ">
    <subfield code="2">rdacarrier</subfield>
    <subfield code="a">recurso en l&#xED;nea</subfield>
    <subfield code="b">cr</subfield>
  </datafield>
  <datafield tag="500" ind1=" " ind2=" ">
    <subfield code="a">Grado: 7&#xB0; a&#xF1;o 
Grupo: </subfield>
  </datafield>
  <datafield tag="502" ind1=" " ind2=" ">
    <subfield code="a">Viaje de Estudios</subfield>
    <subfield code="b">(EIUPA) --</subfield>
    <subfield code="c">UACh. Departamento de Ingenier&#xED;a Agroindustrial,</subfield>
    <subfield code="d">2025</subfield>
  </datafield>
  <datafield tag="504" ind1=" " ind2=" ">
    <subfield code="a">Bibliograf&#xED;a: p&#xE1;ginas 135-140</subfield>
  </datafield>
  <datafield tag="505" ind1="0" ind2="0">
    <subfield code="a">9 Planos : --
1. Diagrama de distribuci&#xF3;n de &#xE1;reas del beneficio de caf&#xE9; --
2. Diagrama de distribuci&#xF3;n de &#xE1;reas de planta tostadora de CAFESCO --
3. Diagrama de distribuci&#xF3;n de &#xE1;reas de la tienda y almac&#xE9;n CAFESCO --
4. Plano de Distribuci&#xF3;n de &#xE1;reas --
5. Plano de distribuci&#xF3;n de la tienda y almacenamiento de la empresa CAFESCO --
6. Diagrama de recorrido del beneficio --
7. Diagrama de recorrido de planta tostadora de CAFESCO --
8. Diagrama de recorrido de Tienda y Almac&#xE9;n de CAFESCO --
9. Diagrama de flujo del proceso para la producci&#xF3;n de caf&#xE9; pergamino lavado</subfield>
  </datafield>
  <datafield tag="650" ind1="1" ind2="3">
    <subfield code="a">Semillas de caf&#xE9;</subfield>
    <subfield code="x">Producci&#xF3;n  </subfield>
    <subfield code="9">147991</subfield>
    <subfield code="z">Colombia</subfield>
  </datafield>
  <datafield tag="650" ind1="1" ind2="3">
    <subfield code="a">Semillas de caf&#xE9;  </subfield>
    <subfield code="x">Calidad del procesamiento</subfield>
    <subfield code="9">156419</subfield>
  </datafield>
  <datafield tag="650" ind1="1" ind2="3">
    <subfield code="a">Productos del caf&#xE9;  </subfield>
    <subfield code="x">Control de calidad</subfield>
    <subfield code="9">150527</subfield>
  </datafield>
  <datafield tag="650" ind1="1" ind2="3">
    <subfield code="a">Productos del caf&#xE9;  </subfield>
    <subfield code="x">Comercializaci&#xF3;n</subfield>
    <subfield code="9">150527</subfield>
    <subfield code="z">Colombia</subfield>
  </datafield>
  <datafield tag="650" ind1="1" ind2="3">
    <subfield code="a">Caf&#xE9;</subfield>
    <subfield code="x">Calidad del producto</subfield>
    <subfield code="9">17085</subfield>
  </datafield>
  <datafield tag="650" ind1="1" ind2="3">
    <subfield code="a">Coffee beans  </subfield>
    <subfield code="x">Crop production</subfield>
    <subfield code="9">156418</subfield>
    <subfield code="z">Colombia</subfield>
  </datafield>
  <datafield tag="650" ind1="1" ind2="3">
    <subfield code="a">Coffee beans  </subfield>
    <subfield code="x">Processing quality</subfield>
    <subfield code="9">156418</subfield>
  </datafield>
  <datafield tag="650" ind1="1" ind2="3">
    <subfield code="a">Coffee products</subfield>
    <subfield code="x">Quality control</subfield>
    <subfield code="9">155323</subfield>
  </datafield>
  <datafield tag="650" ind1="1" ind2="3">
    <subfield code="a">Coffee products</subfield>
    <subfield code="x">Commercialization</subfield>
    <subfield code="9">155323</subfield>
    <subfield code="z">Colombia</subfield>
  </datafield>
  <datafield tag="650" ind1="1" ind2="3">
    <subfield code="a">Coffee (beverage)</subfield>
    <subfield code="x">Product quality</subfield>
    <subfield code="9">185335</subfield>
  </datafield>
  <datafield tag="700" ind1="1" ind2=" ">
    <subfield code="a">Espejel Garc&#xED;a, Anastacio</subfield>
    <subfield code="9">147446</subfield>
    <subfield code="e">coordinador</subfield>
  </datafield>
  <datafield tag="700" ind1="1" ind2=" ">
    <subfield code="a">Barrera Hern&#xE1;ndez, Emmanuel</subfield>
    <subfield code="9">189836</subfield>
    <subfield code="e">colaborador</subfield>
  </datafield>
  <datafield tag="856" ind1="4" ind2="1">
    <subfield code="y">DESCARGAR REPORTE</subfield>
  </datafield>
  <datafield tag="999" ind1=" " ind2=" ">
    <subfield code="c">233162</subfield>
    <subfield code="d">233162</subfield>
  </datafield>
  <datafield tag="952" ind1=" " ind2=" ">
    <subfield code="0">0</subfield>
    <subfield code="1">0</subfield>
    <subfield code="2">local</subfield>
    <subfield code="4">0</subfield>
    <subfield code="7">0</subfield>
    <subfield code="8">VEE</subfield>
    <subfield code="a">IA_</subfield>
    <subfield code="b">IA_</subfield>
    <subfield code="c">E_L</subfield>
    <subfield code="d">2026-03-20</subfield>
    <subfield code="e">El autor</subfield>
    <subfield code="l">0</subfield>
    <subfield code="o">T.C. EIUPA 2025</subfield>
    <subfield code="p">1206016434</subfield>
    <subfield code="r">2026-03-20 10:42:31</subfield>
    <subfield code="w">2026-03-20</subfield>
    <subfield code="y">VEE</subfield>
  </datafield>
</record>
